Els set pecats capitals - Statistics

General Stats
  • This quiz has been taken 14 times
  • The average score is 6 of 7
Answer Stats
Deadly Sin % Correct
Enveja
100%
Ira
91%
Avarícia
82%
Luxúria
82%
Gola
73%
Supèrbia
73%
Peresa
64%
No matching quizzes found
Score Distribution
Percent of People with Each Score
Percentile by Number Answered
Your Score History
You have not taken this quiz